| 000 | 00401nam a2200145 i 4500 | ||
|---|---|---|---|
| 001 | 101224 | ||
| 003 | ES-MaACL | ||
| 007 | t| | ||
| 008 | 051014s1914 fr ||||1| fre d | ||
| 100 | 1 |
_aMaxwell, Joseph. _979316 |
|
| 245 | 1 | 3 |
_aLe concept social du crime _b: son evolution / _cpar J. Maxwell. |
| 260 |
_aParis : _bF. Alcan, _c1914. |
||
| 300 |
_aIV, 456 p. ; _c23 cm. |
||
| 852 |
_aES-MaACL _jB-6874 |
||
| 999 |
_c101224 _d101224 |
||